| 000 | 01131nam a2200337 i 4500 | ||
|---|---|---|---|
| 003 | EG-GICUC | ||
| 005 | 20260208102222.0 | ||
| 008 | 260208s2001 fr ||||fr|||| 000 0 fre d | ||
| 040 |
_aEG-GiCUC _bfre _cEG-GiCUC _dEG-GiCUC _eRda |
||
| 041 | 0 | _afre | |
| 082 | 0 | 4 |
_221 _a341.8 _bYV . D |
| 092 | 0 | 4 | _221 |
| 099 | _aLaw1 12 341.8 YV . D 2001 | ||
| 100 | 1 |
_aLoussouarn Yvon _eAuteur |
|
| 245 | 1 | 0 |
_aDroit international privé / _cLoussouarn Yvon, Bourel Pierre, Vareilles-Sommières de Pascal. |
| 250 | _a6 édition | ||
| 264 |
_aParis : _bDalloz, _c2001. |
||
| 300 |
_a979 page ; _c 24 cm. _billustration ; |
||
| 336 |
_2rda contenu _a texte |
||
| 337 |
_2rda medias _aOrdinateur |
||
| 338 |
_2 transporteur rda _a Ressource en ligne |
||
| 504 | _aComprend des références bibliographiques et un index. | ||
| 546 | _aTexte en français | ||
| 650 | 1 | 0 |
_aDroit international privé _2qrmak |
| 651 | 1 | _2qrmak | |
| 700 | 1 |
_aVareilles-Sommières de Pascal _eCo-Auteur |
|
| 700 | 1 |
_a Bourel Pierre _eCo-Auteur |
|
| 856 | 4 | 0 | _uhttps://fll.law.cu.edu.eg/fulltext/bks/B12-01807.pdf |
| 905 | _a78 | ||
| 942 |
_2ddc _cBK _e21 _n0 |
||
| 999 |
_c61509 _d61509 |
||